00640nam a22001937a 4500010001500000020003100015035001400046037001300060082001100073100002200084245006500106260004000171270012800211300002200339490001600361500002200377700004100399760000600440 aENG-126193 a978-93-8676-155-2c1995.00 aEN-109725 bDBAD/PUB a541.38 aSharon, Maheshwar aNuclear Chemistry/cby Maheshwar Sharon [and] Madhuri Sharon aNew DelhibAne Books Pvt.Ltd.c2017 a4821,Parwana Bhawan 1st Floor 24 Ansari Road, Darya GanjbNew Delhi e110002k+91(011)23276843,2814209manebookschennai.com axi278p.b24cm(hb) a2nd Edition aits include index aMaheshwar Sharon[and] Madhuri Sharon b2